<?xml version="1.0" encoding="UTF-8"?>
<collection xmlns="http://www.loc.gov/MARC21/slim">
 <record>
  <leader>01759nam a2200217 a 4500</leader>
  <controlfield tag="001">1/43659</controlfield>
  <controlfield tag="008">130710s1996    gr       b    000 0 gre  </controlfield>
  <datafield tag="020" ind1=" " ind2=" ">
   <subfield code="a">9602608463</subfield>
  </datafield>
  <datafield tag="035" ind1=" " ind2=" ">
   <subfield code="l">46584</subfield>
  </datafield>
  <datafield tag="040" ind1=" " ind2=" ">
   <subfield code="a">GR-PeUP</subfield>
  </datafield>
  <datafield tag="082" ind1="0" ind2="0">
   <subfield code="a">371.822 09495 ΓΥΝ</subfield>
  </datafield>
  <datafield tag="245" ind1="0" ind2="3">
   <subfield code="a">Οι γυναικείες σπουδές στην Ελλάδα και η Ευρωπαική εμπειρία.</subfield>
  </datafield>
  <datafield tag="260" ind1=" " ind2=" ">
   <subfield code="a">Θεσσαλονίκη :</subfield>
   <subfield code="b">Παρατηρητής,</subfield>
   <subfield code="c">1996.</subfield>
  </datafield>
  <datafield tag="300" ind1=" " ind2=" ">
   <subfield code="a">232 σ. ;</subfield>
   <subfield code="c">22 εκ.</subfield>
  </datafield>
  <datafield tag="500" ind1=" " ind2=" ">
   <subfield code="a">Περιέχει εισηγήσεις από το συνέδριο &quot;Οι γυναικείες σπουδές στην Ελλάδα και η Ευρωπαική εμπειρία&quot;, που πραγματοποιήθηκε στο Αριστοτέλειο Πανεπιστήμιο Θεσσαλονίκης, 4-5-6 Νοεμβρίου 1993. Οργανώθηκε από την Ομάδα Γυναικείων Σπουδών του ΑΠΘ με την οικονομική υποστήριξη του Τμήματος Ίσων Ευκαριών της 5ης Γενικής Διεύθυνσης της Ευρωπαικής Ένωσης και του Αριστοτελείου Πανεπιστημίου Θεσσαλονίκης.</subfield>
  </datafield>
  <datafield tag="504" ind1=" " ind2=" ">
   <subfield code="a">Βιβλιογραφία.</subfield>
  </datafield>
  <datafield tag="650" ind1=" " ind2="4">
   <subfield code="a">Εκπαίδευση των γυναικών.</subfield>
  </datafield>
  <datafield tag="650" ind1=" " ind2="4">
   <subfield code="a">Γυναικείες σπουδές</subfield>
   <subfield code="z">Ελλάδα</subfield>
   <subfield code="x">Συνέδρια.</subfield>
  </datafield>
  <datafield tag="650" ind1=" " ind2="4">
   <subfield code="a">Γυναικείες σπουδές</subfield>
   <subfield code="z">Ευρωπαική Ένωση, Χώρες της</subfield>
   <subfield code="x">Συνέδρια.</subfield>
  </datafield>
  <datafield tag="650" ind1=" " ind2="4">
   <subfield code="a">Γυναίκες</subfield>
   <subfield code="z">Ελλάδα</subfield>
   <subfield code="x">Ιστορία.</subfield>
  </datafield>
  <datafield tag="852" ind1=" " ind2=" ">
   <subfield code="a">INST</subfield>
   <subfield code="b">UNIPILB</subfield>
   <subfield code="c">MAIN</subfield>
   <subfield code="e">20130710</subfield>
   <subfield code="h">371.822 09495 ΓΥΝ</subfield>
   <subfield code="p">00168935</subfield>
   <subfield code="q">00168935</subfield>
   <subfield code="t">LOAN</subfield>
   <subfield code="y">0</subfield>
   <subfield code="4">1</subfield>
  </datafield>
 </record>
</collection>
